| 000 | 02203nam a2200469 c 4500 | ||
|---|---|---|---|
| 003 | BLK | ||
| 005 | 20250618155132.0 | ||
| 008 | 180411b bul|||||r ||||||| ||bul|| | ||
| 010 | _aKNG00183178000 | ||
| 020 | _a978-954-26-1378-7 | ||
| 040 | _aBLK | ||
| 041 |
_aBUL _cBUL |
||
| 072 | 7 |
_2bullib _aН15 _xПсихология Н |
|
| 072 | 7 |
_2bullib _aЛ03 _xСебепознание. Мисловни техники. Психология. Парапсихология |
|
| 080 |
_aРазвитие на личността. Самосъзнание _b159.923.2 _z159.923.2 |
||
| 080 |
_aКогнитивна психология (вж и 159.9.019) _b159.93/.95 _z159.93/.95 |
||
| 100 | 1 |
_aСантандреу, Рафаел _eпърви автор _9118825 |
|
| 139 |
_aСантандреу, Рафаел _bС 18 |
||
| 245 | 1 | 0 |
_aИзкуството да не си вгорчаваме живота _bТехники за психологическа промяна и личностно израстване _cРафаел Сантандреу; прев. от исп. Мариана Георгиева Китипова. |
| 257 | _aSPA | ||
| 260 |
_aПловдив _bХермес _c2014 _fСофия : Алианс принт |
||
| 300 |
_a272 с. _bсъс сх. _c20 см |
||
| 380 | _a1 | ||
| 490 | _aПсихология за всеки ден | ||
| 500 | _aОриг. загл. El arte de no amargarse la vida / Rafael Santandreu | ||
| 650 | 4 |
_aСамоусъвършенстване _9170201 |
|
| 650 | 4 |
_aЛичност - психология _9243160 |
|
| 650 | 4 |
_aПсихология, когнитивна _9256511 |
|
| 653 | _aпсихология на личността | ||
| 653 | _aкогнитивна психология | ||
| 653 | _aсамоусъвършенстване | ||
| 659 | _aЛ | ||
| 659 | _aН | ||
| 700 | 1 |
_aКитипова, Мариана Георгиева _eпрев. от исп. _9367953 |
|
| 852 | _aЦб 277212 | ||
| 856 | 4 | _qpdf | |
| 856 | 4 | _qpdf | |
| 942 |
_cKNG _n0 _015 |
||
| 944 |
_aCR _c05.10.2015 _lТеодора Пейчева-Дянкова _k30556 |
||
| 944 |
_aED _c19.05.2017 _lф / _kЛюдмила_Стоянова |
||
| 999 |
_c174682 _d174682 |
||
| 999 | _d174682 | ||